guess the laufey song no hints #18 - Statistics

General Stats
  • This quiz has been taken 75 times
    29 since last reset
  • The average score is 64 of 123
Answer Stats
Answer % Correct
a
92%
I
92%
me
84%
You
84%
you
84%
the
80%
The
80%
to
80%
and
76%
My
76%
my
76%
is
72%
your
68%
I'm
64%
go
60%
in
60%
on
60%
Carousel
56%
carousel
56%
for
56%
For
56%
life
56%
see
56%
that
56%
up
56%
we
56%
you're
56%
around
52%
of
52%
are
48%
down
48%
this
48%
will
48%
with
48%
its
44%
spinning
44%
all
40%
bring
40%
circus
40%
floating
40%
ground
40%
know
40%
show
40%
hell
36%
make
36%
one
36%
onto
36%
sorry
36%
Take
36%
thought
36%
would
36%
fell
32%
Hold
32%
one-man
32%
signed
32%
Such
32%
things
32%
apology
28%
Aren't
28%
Before
28%
break
28%
ribbons
28%
sincere
28%
'til
28%
Was
28%
wrong
28%
acrobats
24%
city
24%
clowns
24%
lifelong
24%
losing
24%
met
24%
nervous
24%
Nowhere
24%
spectacle
24%
spell
24%
Tangled
24%
Tether
24%
traps
24%
under
24%
waiting
24%
wonder
24%
comedies
20%
oddities
20%
recurring
20%
role
20%
illusory
16%
No matching quizzes found
Score Distribution
Percent of People with Each Score
Percentile by Number Answered
Your Score History
You have not taken this quiz since the last reset